Statistics for Geography Questions #22: I'm Back!

Click here to take the quiz!

General Stats

  • This quiz has been taken 26 times
  • The average score is 8 of 10

Answer Stats

HintCountry% Correct
Country with the word "Dominic" in itDominica
100%
Country with the word "Dominic" in itDominican Republic
100%
(True of False) California has a larger population than CanadaTrue
96%
2nd most populous city in the USLos Angeles
88%
Smallest state in the US in terms of land areaRhode Island
84%
3rd most populous city in the USChicago
76%
Least populous state in the USWyoming
76%
4th most populous countryIndonesia
64%
Capital of that stateProvidence
64%
Capital of BruneiBandar Seri Begawan
52%

Score Distribution

Percentile by Number Answered

Percent of People with Each Score

Your Score History

You have not taken this quiz